000
00204 a2200097 4500
001
46705
100
_a
Potter E
245
_a
The great sea war
260
_a
_b
George G Harper
_c
090
_c
29802
_d
29802
942
_a
NUST-CAE
_c
M
_c
22005
999
_c
281778
_d
281778